KOHA-Header-6

Muhammad His Character and Conduct (Record no. 7858)

000 -LEADER
fixed length control field 00266nam a2200109Ia 4500
100 ## - MAIN ENTRY--AUTHOR NAME
Personal name Adil Salahi
245 #0 - TITLE STATEMENT
Title Muhammad His Character and Conduct
260 ## - PUBLICATION, DISTRIBUTION, ETC. (IMPRINT)
Place of publication India
Name of publisher ILM Trust
Year of publication 2017
300 ## - PHYSICAL DESCRIPTION
Number of Pages 285
942 ## - ADDED ENTRY ELEMENTS (KOHA)
Koha item type Books
Holdings
Withdrawn status Lost status Collection code Permanent Location Current Location Shelving location Date acquired Full call number Accession Number Koha item type
    Islamic Studies MAJU MAJU   2019-09-12 297.63 2101 Islamic Studies

Powered by Koha